|
|
|
|
| LEADER |
00000nab a2200000 ar4500 |
| 001 |
vtls008409596 |
| 003 |
SK-MaSNL |
| 005 |
20260303070131.0 |
| 008 |
051114c20050929xo wr|p|||||||000 b|slo |
| 038 |
|
|
|a RVGKPD
|
| 040 |
|
|
|a RVGKPD
|b slo
|c RVGKPD
|e AACR2
|
| 041 |
0 |
|
|a slo
|
| 044 |
|
|
|a xo
|c SK
|
| 080 |
|
|
|a 929 Liptáková, Lucia
|2 UDC-MRF-SK2
|
| 100 |
1 |
|
|a Verlík, Jaroslav
|4 aut
|9 275109
|
| 245 |
1 |
0 |
|a Miss Globe 2005 Lucia (20) je pyšná na svoju Rožňavu!
|c Jaroslav Verlík, Belo Hefler
|
| 300 |
|
|
|b Fotogr.
|
| 600 |
1 |
7 |
|a Liptáková, Lucia,
|d 1985-
|2 rvgkpd
|9 79267
|
| 651 |
|
7 |
|a Rožňava (Slovensko)
|2 rvgkpd
|9 17394
|
| 700 |
1 |
|
|a Hefler, Belo
|4 aut
|9 866957
|
| 773 |
0 |
|
|t GEMERinfo
|g Roč. I, č. 4 (29.9.2005), s. 1, 4
|
| 852 |
|
|
|a RVGKPD
|b KIS3G
|
| 992 |
|
|
|a RBX
|
| 999 |
|
|
|c 1754082
|d 1756012
|